Normal view
MARC view
- الحاروني، يوسف مصطفى
Entry Personal Name
001 - CONTROL NUMBER
- control field: 15701
003 - CONTROL NUMBER IDENTIFIER
- control field: JO-AjAnu
005 - DATE AND TIME OF LATEST TRANSACTION
- control field: 20230606072814.0
008 - FIXED-LENGTH DATA ELEMENTS
- fixed length control field: 230606|| aca||aabn | a|a d
040 ## - CATALOGING SOURCE
- Original cataloging agency: JO-AjAnu
- Transcribing agency: JO-AjAnu
100 ## - HEADING--PERSONAL NAME
- Personal name: الحاروني، يوسف مصطفى
670 ## - SOURCE DATA FOUND
- Source citation: Work cat.: (JO-AjAnu)8063: الحاروني، يوسف مصطفى, author, تحويل الماء الملح الى ماء عذب